| 000 | 01088cam a2200289 a 4500 | ||
|---|---|---|---|
| 001 | 1615013 | ||
| 003 | OSt | ||
| 005 | 20240530110630.0 | ||
| 008 | 950411s1995 dcua f000 0 eng | ||
| 020 | _a1560985461 (cloth : acidfree paper) | ||
| 040 |
_aDLC _cDLC _dDLC |
||
| 043 |
_af-ua--- _aa-su--- |
||
| 050 | 0 | 0 |
_aND2863 _b.N33 1995 |
| 082 | 0 | 4 |
_221 _a750\ _bP H |
| 100 | 1 | _aParker, Ann. | |
| 245 | 1 | 0 |
_aHajj paintings : _bfolk art of the great pilgrimage / _c[photography by] Ann Parker and [text by] Avon Neal. |
| 260 |
_aWashington : _bSmithsonian Institution Press, _cc1995. |
||
| 300 |
_axxvii, 164 p. : _bcol. ill. ; _c29 cm. |
||
| 650 | 0 | _aMural painting and decoration, Egyptian. | |
| 650 | 0 | _aMuslim pilgrims and pilgrimages in art. | |
| 650 | 0 |
_aMuslim pilgrims and pilgrimages _zSaudi Arabia _zMecca _xPictorial works. |
|
| 650 | 0 |
_aFolk art _zEgypt. |
|
| 700 | 1 | _aNeal, Avon. | |
| 906 |
_a7 _bcbc _corignew _d1 _eocip _f19 _gy-gencatlg |
||
| 942 |
_2ddc _cBK |
||
| 999 |
_c63226 _d63226 |
||